000 00205 a2200085 4500
020 _a9788119314706
100 _aRohan Shivkumar
245 _aCharles Correa - Kala Academy Goa
260 _bArthshila Trust
_c2024
999 _c13415
_d13415